000 00624nam a2200181Ia 4500
003 GCL
008 140319s9999 xx 000 0 ara d
040 _aGCL /
_cGCL
082 0 4 _a347
_bع ت
100 1 _aعبدالعزيز محمد ابوغدير
245 1 0 _aالتعليق على نصوص الشفعة فى القانون المدنى /
_cعبدالعزيز محمد ابوغدير
260 _a[S.N] :
_bمكتبه النهضه المصريه ،
_c1986
300 _a268 ص
490 _aالكتب القانونية
_v0
650 0 4 _aالقانون
650 0 4 _aالقانون المدنى
942 _2ddc
_cBK
999 _c44773
_d44773